Statistiques concernant France VS USA

Cliquez ici pour prendre le quiz!

Statistiques générales

  • Ce quiz a été pris 271 fois
  • Le résultat moyen est 11 sur 20

Statistiques - réponses

HintRéponse% Correct
A le plus de châteauxFrance
96%
A le plus de missiles nucléairesUSA
96%
Est considéré comme le plus ancienFrance
83%
A envahi les PhilippinesUSA
71%
Est le plus proche géographiquement de la RussieUSA
68%
Possède la ville de HagåtñaUSA
67%
A des relations commerciales avec l'Arabie SaouditeLes deux
65%
A aboli l'esclavage le premierFrance
64%
A eu un président au pouvoir le plus longtempsFrance
61%
A le PIB par habitant le plus importantUSA
57%
A la plus forte densité de populationFrance
53%
Est endetté à moins de 5000 milliards d'euros en 2022France
46%
Sa capitale est le plus petit département ou état du paysFrance
45%
A accordé le droit de vote aux femmes en premierUSA
43%
A fait la guerre à l'EspagneLes deux
40%
Reconnaît l'indépendance du KosovoLes deux
35%
A reconnu la Palestine comme Etat non-membre observateur de l'ONUFrance
34%
A participé à la course au Pôle SudFrance
27%
Est situé en partie dans l'hémisphère sudLes deux
25%
A été une puissance coloniale en AfriqueLes deux
16%

Distribution des résultats

Percentile par nombre de réponses

% des personnes avec chaque résultat

Votre développement - résultats

Vous n’avez pas pris ce quiz